000 00359nam a2200181Ia 4500
100 _aFurber/Steve
650 _aARM
250 _a2
942 _cBK
366 _f23
654 _aARM
245 _aARM system-on-chip architecture
260 _bPearson
_c2000
082 _a4.21
_bFUR
300 _a429
546 _aENGLISH
_cPAMPHALETS
999 _c31939
_d31939